Computers and intractability : a guide to the theory of NP-completeness /

Guardado en:
Autor Principal: Garey, Michael R.
Otros Autores: Johnson, David S., 1945-
Formato: Libro
Idioma:English
Publicado: New York : W. H. Freeman, c1979.
Series:A Series of books in the mathematical sciences
Materias:
Etiquetas: Agregar Etiqueta
Sin Etiquetas, Sea el primero en etiquetar este registro!
LEADER 00964cam a22002775a 4500
001 EIQ.libpla000316
008 780814s1979####nyua#####b####001#0#eng#d
005 20060512141900.0
245 1 0 |a Computers and intractability :  |b a guide to the theory of NP-completeness /  |c Michael R. Garey, David S. Johnson. 
260 |a New York :  |b W. H. Freeman,  |c c1979. 
300 |a x, 338 p. :  |b il. ;  |c 24 cm. 
490 0 |a A Series of books in the mathematical sciences 
504 |a Bibliografía: p. [291]-325. 
500 |a Incluye índices. 
020 |a 0716710455 (tapa blanda) 
100 1 |a Garey, Michael R. 
700 1 |a Johnson, David S.,  |d 1945- 
740 |a NP-completeness. 
082 0 0 |a 519.4 
650 4 |a Computadores  |x Programación. 
650 4 |a Computadores  |x Algoritmos. 
650 4 |a Computers  |x Programming. 
650 4 |a Computers  |x Algorithms. 
010 |a  78012361  
040 |a DLC  |c DLC  |d AR-BbSID 
859 |a AR-BbSID  |b BIB. PLAPIQUI  |h 519.4  |i Gar 16  |p 5493